Historical Events - Map Quiz - Statistics

General Stats
  • This quiz has been taken 159 times
  • The average score is 7 of 34
Answers on the Map
Answers color-coded by a green-red scale on the quiz's map according to % correct below.
 
Answer Stats
Answer % Correct
Bay of Pigs Invasion
81%
Halifax Explosion
55%
Yalta Conference
52%
Deepwater Horizon Oil Spill
44%
Mỹ Lai Massacre
42%
Sack of Thebes
42%
Jonestown Massacre
33%
Battle of Tarawa
30%
Hayato Rebellion
28%
Unification of Germany
28%
Great Fire of Tartu
27%
Recapture of Bahia
26%
Vukovar Massacre
20%
Battle of Cajamarca
18%
1783 Laki Eruption
14%
1944 San Juan Earthquake
13%
1848 Marlborough Earthquake
12%
Siege of Saguntum
12%
Massacre in the Great Temple
10%
Battle of Mu'tah
8%
Castle Hill Rebellion
8%
Siege of the International Legations
8%
Bombardment of Mogador
7%
Invasion of Isle de France
7%
Armero Tragedy
6%
Siege of Cawnpore
6%
Siege of Fort Jesus
6%
Storegga Slides
6%
Watermelon Riot
6%
Operation Storm-333
5%
Explosion of the Sultana
4%
Jameson Raid
4%
Operation Kitona
4%
Quinisext Council
4%
No matching quizzes found
Score Distribution
Percent of People with Each Score
Percentile by Number Answered
Your Score History
You have not taken this quiz